Reinventing the local? privatization, decentralization and the politics of resource management (Record no. 55998)

MARC details
000 -LEADER
fixed length control field 00728nam a2200181 a 4500
008 - FIXED-LENGTH DATA ELEMENTS--GENERAL INFORMATION
fixed length control field 060926s2004 ||||||||||||||||| || u
050 ## - LIBRARY OF CONGRESS CALL NUMBER
Classification number KYO-UNI(05)ASM/04/25/2
100 ## - MAIN ENTRY--PERSONAL NAME
Personal name Berry, Sara
245 10 - TITLE STATEMENT
Title Reinventing the local? privatization, decentralization and the politics of resource management
Statement of responsibility, etc. by Sara Berry
246 ## - VARYING FORM OF TITLE
Title proper/short title examples from Africa
260 ## - PUBLICATION, DISTRIBUTION, ETC.
Place of publication, distribution, etc. Kyoto
Name of publisher, distributor, etc. Kyoto University
Date of publication, distribution, etc. 2004
350 ## - PRICE (NR) (BK AM CF MU VM SE) [OBSOLETE]
Price 0.00
490 ## - SERIES STATEMENT
Series statement African Study Monographs
500 ## - GENERAL NOTE
General note pp79-101
650 #0 - SUBJECT ADDED ENTRY--TOPICAL TERM
Topical term or geographic name entry element ECONOMICS
650 ## - SUBJECT ADDED ENTRY--TOPICAL TERM
Topical term or geographic name entry element PRIVATIZATION--AFRICA
995 ## - RECOMMENDATION 995 [LOCAL, UNIMARC FRANCE]
-- 0.00
-- CBU-MAIN LIBRARY (Kitwe)
-- 1
-- 0.00
-- 25/2
-- AVAILABLE
-- Sep 26, 2006
-- International Publications
Holdings
Withdrawn status Lost status Source of classification or shelving scheme Damaged status Not for loan Home library Current library Shelving location Date acquired Total Checkouts Full call number Barcode Date last seen Price effective from Koha item type
          CBU-MAIN LIBRARY, KITWE. CBU-MAIN LIBRARY, KITWE.   11/30/2022   KYO-UNI(05)ASM/04/25/2 Z03001171 11/30/2022 11/30/2022 MONOGRAPH